LEADERS STRATEGIES FOR TAKING CHARGE (Record no. 7914)

MARC details
000 -LEADER
fixed length control field 00362nam a2200133Ia 4500
008 - FIXED-LENGTH DATA ELEMENTS--GENERAL INFORMATION
fixed length control field 240624s9999 xx 000 0 und d
041 ## - LANGUAGE CODE
Language code of text/sound track or separate title eng
082 ## - DEWEY DECIMAL CLASSIFICATION NUMBER
Classification number 658.4092 BEN
100 ## - MAIN ENTRY--PERSONAL NAME
Personal name BENNIS WARREN
245 ## - TITLE STATEMENT
Title LEADERS STRATEGIES FOR TAKING CHARGE
260 ## - PUBLICATION, DISTRIBUTION, ETC.
Date of publication, distribution, etc. 2005
Place of publication, distribution, etc. New York
Name of publisher, distributor, etc. Harper Collins Publishers
300 ## - PHYSICAL DESCRIPTION
Extent xix, : 235 : p. : cm. ; 20
365 ## - TRADE PRICE
Currency code RS
Price amount 35
Holdings
Withdrawn status Lost status Damaged status Not for loan Home library Current library Shelving location Date acquired Source of acquisition Cost, normal purchase price Full call number Barcode Date last seen Copy number Price effective from Koha item type
        IMTN IMTN Rack 30-B 01/03/2008 OSY 596.70 658.4092 BEN 7914 06/24/2024 1 06/24/2024 Books
Designed & Maintained by: LRC IMT Nagpur Contact: lrc@imtnag.ac.in© 2024. All Rights Reserved.